[Event "European Rapid 2017"]
[Site "Katowice POL"]
[Date "2017.12.16"]
[Round "1.91"]
[White "Batsiashvili, Nino"]
[Black "Kaluzny, Krzysztof"]
[Result "1-0"]
[WhiteTitle "IM"]
[WhiteElo "2502"]
[BlackElo "1528"]
[WhiteFideId "13602993"]
[BlackFideId "1147285"]
[EventDate "2017.12.16"]

1. d4 e6 2. c4 Nf6 3. Nc3 d5 4. Nf3 Be7 5. Bf4 O-O 6. e3 c5 7. dxc5 Bxc5 8. Qc2
a6 9. Rd1 Qe7 10. a3 dxc4 11. Bxc4 Nc6 12. b4 e5 13. Bg5 Ba7 14. Nd5 Qe6 15.
Nxf6+ 1-0

[Event "European Rapid 2017"]
[Site "Katowice POL"]
[Date "2017.12.16"]
[Round "1.92"]
[White "Polap, Miroslaw"]
[Black "Konopka, Michal"]
[Result "0-1"]
[BlackTitle "IM"]
[WhiteElo "1617"]
[BlackElo "2381"]
[WhiteFideId "1153323"]
[BlackFideId "308633"]
[EventDate "2017.12.16"]

1. d4 Nf6 2. c4 g6 3. Nc3 d5 4. Bf4 Bg7 5. e3 c5 6. Nf3 cxd4 7. exd4 Nc6 8. cxd5
Nxd5 9. Be3 O-O 10. Bc4 Nxe3 11. fxe3 e5 12. dxe5 Qb6 13. Qc1 Bg4 14. Nd5 Qa5+
15. Qc3 Bxf3 16. gxf3 Bxe5 17. Ne7+ Kg7 18. Qxa5 Nxa5 19. Be2 Rad8 20. e4 Bxb2
21. Rd1 Rxd1+ 22. Bxd1 f5 23. O-O Re8 24. Nd5 fxe4 25. Re1 Bd4+ 26. Kg2 exf3+
27. Kf1 Rxe1+ 28. Kxe1 f2+ 29. Kf1 Nc4 30. Ke2 Nd2 0-1

[Event "European Rapid 2017"]
[Site "Katowice POL"]
[Date "2017.12.16"]
[Round "1.93"]
[White "Wieczorek, Oskar"]
[Black "Pyclik, Blazej"]
[Result "1-0"]
[WhiteTitle "IM"]
[WhiteElo "2463"]
[BlackElo "1529"]
[WhiteFideId "1133950"]
[BlackFideId "1144057"]
[EventDate "2017.12.16"]

1. e4 d6 2. d4 Nf6 3. Nc3 Nbd7 4. h3 e5 5. Nge2 h6 6. g4 c6 7. a4 Qc7 8. Bg2 Be7
9. O-O g5 10. Be3 Nf8 11. Ng3 Ng6 12. Nf5 Nf4 13. a5 a6 14. dxe5 dxe5 15. Bb6
Qd7 16. Qf3 Kf8 17. Rfd1 Qe6 18. Bf1 Ne8 19. Na4 Qg6 20. Nxe7 Kxe7 21. Bc5+ Kf6
22. Nb6 Rb8 23. Rd8 Bxg4 24. Nd7+ Kg7 25. Qc3 Rxd8 26. Nxe5 Qf6 27. Nxg4 Qxc3
28. bxc3 f6 29. Rb1 Rd7 30. e5 Ne6 31. Ba3 f5 32. Ne3 Kg6 33. Bd3 N6g7 34. e6
Rc7 35. e7 Nf6 36. Nc4 Nge8 37. Ne5+ Kh5 38. Bxf5 Ng7 1-0

[Event "European Rapid 2017"]
[Site "Katowice POL"]
[Date "2017.12.16"]
[Round "1.94"]
[White "Parhomenko, Anastasija"]
[Black "D'Costa, Lorin A R"]
[Result "0-1"]
[BlackTitle "IM"]
[WhiteElo "1475"]
[BlackElo "2391"]
[WhiteFideId "11606185"]
[BlackFideId "409219"]
[EventDate "2017.12.16"]

1. Nf3 Nf6 2. b3 g6 3. Bb2 Bg7 4. e3 O-O 5. d4 d6 6. Nbd2 b6 7. Bd3 Bb7 8. c4 c5
9. O-O cxd4 10. exd4 d5 11. Ne5 Nc6 12. Ndf3 Rc8 13. a3 dxc4 14. bxc4 e6 15. Qb3
Nd7 16. Nxc6 Bxc6 17. Be2 Qc7 18. Rad1 Bxf3 19. Qxf3 Rfd8 20. h3 e5 21. d5 e4
22. Qb3 Nc5 23. Qc2 Be5 24. Bxe5 Qxe5 25. f4 exf3 26. Rxf3 Re8 27. Bf1 Rcd8 28.
Qf2 Re7 29. Kh1 f5 30. Kg1 Ne4 31. Qd4 Qd6 32. Re1 Rde8 33. Qd1 Qc5+ 34. Kh2
Qd6+ 35. Kg1 Ng5 36. Rxe7 Nxf3+ 37. Qxf3 Rxe7 38. Qf2 Qc5 39. Qxc5 bxc5 40. Kf2
Kf7 41. Be2 Kf6 42. Bd1 Re4 43. Be2 Ke5 44. Bd3 Rd4 45. Ke3 h5 46. Be2 g5 47. g3
h4 48. gxh4 Rxh4 49. Bf1 Re4+ 50. Kd3 Re1 51. Be2 Ra1 52. Kc2 Ra2+ 53. Kd1 Rxa3
54. Bf1 Ra1+ 55. Ke2 a5 56. Kf2 a4 57. Be2 a3 58. Bd3 a2 59. Bc2 Rc1 0-1

[Event "European Rapid 2017"]
[Site "Katowice POL"]
[Date "2017.12.16"]
[Round "1.95"]
[White "Pulpan, Jakub"]
[Black "Musial, Tomasz"]
[Result "1-0"]
[WhiteTitle "IM"]
[WhiteElo "2400"]
[BlackElo "2078"]
[WhiteFideId "302759"]
[BlackFideId "1199560"]
[EventDate "2017.12.16"]

1. e4 e6 2. d4 d5 3. Bd3 dxe4 4. Bxe4 Nf6 5. Bf3 c5 6. Ne2 cxd4 7. Nxd4 Bc5 8.
c3 e5 9. Nb3 Qxd1+ 10. Bxd1 Bb6 11. O-O O-O 12. Re1 Nc6 13. Bg5 Bf5 14. N1d2 Ng4
15. Bh4 f6 16. h3 Nh6 17. Nc4 Bc7 18. Bf3 Bd7 19. Nc5 Bc8 20. Rad1 Nf5 21. Bg3
Nxg3 22. fxg3 Bb6 23. Nxb6 axb6 24. Nd7 Re8 25. Nxb6 Rxa2 26. Bd5+ Be6 27. Bxa2
Bxa2 28. Rd7 Re7 29. Rxe7 Nxe7 30. Rd1 Be6 31. Rd8+ Kf7 32. Rb8 e4 33. Kf2 f5
34. Rxb7 Kf6 35. Nd7+ Kf7 36. c4 g5 37. Ke3 h5 38. b4 Ke8 39. Ne5 Bc8 40. Ra7
Be6 41. Ra8+ Nc8 42. c5 Ke7 43. b5 Kf6 44. b6 Kxe5 45. b7 f4+ 46. gxf4+ gxf4+
47. Kf2 e3+ 48. Ke1 1-0

[Event "European Rapid 2017"]
[Site "Katowice POL"]
[Date "2017.12.16"]
[Round "1.96"]
[White "Smuda, Tomasz"]
[Black "Maier, Christian"]
[Result "0-1"]
[BlackTitle "IM"]
[WhiteElo "1218"]
[BlackElo "2393"]
[WhiteFideId "21875120"]
[BlackFideId "4601955"]
[EventDate "2017.12.16"]

1. e4 e5 2. Nf3 Nc6 3. d4 exd4 4. Nxd4 Bc5 5. Be3 Qf6 6. c3 d6 7. Be2 Bd7 8. Qd2
Nge7 9. O-O h6 10. Re1 O-O 11. Bf3 Ne5 12. Kh1 N7g6 13. Qd1 Rfe8 14. Nd2 Nd3 15.
Rf1 Nxb2 16. Qc2 Na4 17. N2b3 Bb6 18. Rfe1 Re7 19. Rac1 Rae8 20. Qd2 Nh4 21. Rb1
Nc5 22. Qc2 Nxe4 23. Bxe4 Rxe4 24. Nd2 R4e7 25. Qc1 Bxd4 26. cxd4 Bc6 27. Rg1
Qf5 28. Qf1 a6 29. Nc4 Qd5 30. Rc1 Re6 31. Rc3 Rg6 32. f3 Nxf3 33. gxf3 Qxf3+
34. Qxf3 Bxf3+ 35. Rg2 Bxg2+ 36. Kg1 Bd5+ 37. Kf2 Rg2+ 38. Kf1 Rxa2 39. Nd2 c6
40. Kg1 g5 41. Kf2 f5 42. Rd3 f4 43. Bxf4 gxf4 44. h4 Be4 45. Rb3 Rxd2+ 46. Ke1
Rh2 47. d5 Bxd5+ 48. Kf1 Bxb3 49. h5 Rb2 50. Kg1 Re1# 0-1

[Event "European Rapid 2017"]
[Site "Katowice POL"]
[Date "2017.12.16"]
[Round "1.97"]
[White "Sadzikowski, Daniel"]
[Black "Paprocki, Antoni"]
[Result "1-0"]
[WhiteTitle "GM"]
[WhiteElo "2584"]
[BlackElo "1707"]
[WhiteFideId "1132253"]
[BlackFideId "21833745"]
[EventDate "2017.12.16"]

1. c4 Nf6 2. Nf3 g6 3. Nc3 Bg7 4. g3 c5 5. Bg2 O-O 6. d4 cxd4 7. Nxd4 d6 8. O-O
a6 9. b3 Qb6 10. Bb2 Nc6 11. e3 Bd7 12. Qd2 Rac8 13. Rad1 Rfe8 14. Nxc6 Bxc6 15.
e4 h5 16. h3 Qa7 17. Nd5 Bxd5 18. cxd5 b5 19. Rc1 Qb7 20. e5 dxe5 21. Bxe5 Qd7
22. Qb2 Red8 23. Rc6 Qf5 24. Rfc1 Ne8 25. Bxg7 Nxg7 26. Rxa6 Rxc1+ 27. Qxc1 Rc8
28. Rc6 Re8 29. Rc5 Qd7 30. Rc7 Qd6 31. Qc6 Qe5 32. Rc8 Rxc8 33. Qxc8+ Kh7 34.
Qc5 h4 35. g4 Qe1+ 36. Bf1 b4 37. a3 bxa3 38. Qxa3 Qe5 39. Qc5 Ne8 40. b4 Nd6
41. b5 Ne4 42. Qe3 Qxd5 43. b6 Nd6 44. Bg2 Qd1+ 45. Kh2 e6 46. Qc5 Qd2 47. b7
Nxb7 48. Bxb7 Qf4+ 49. Kg2 Qf6 50. Bf3 Qf4 51. Qe7 Kg7 52. Qxh4 e5 53. Qg3 Qd4
54. Kh2 Qc5 55. Bg2 Qd4 56. Qe3 Qd6 57. h4 Qf6 58. Kh3 Qe6 59. Qe4 Kg8 60. Qd3
Kg7 61. Bd5 Qd7 62. Qf3 Qe7 63. Qxf7+ Qxf7 64. Bxf7 Kxf7 65. Kg3 Kf6 66. Kf3 Ke6
67. Ke4 Kf6 68. Kd5 1-0

[Event "European Rapid 2017"]
[Site "Katowice POL"]
[Date "2017.12.16"]
[Round "1.98"]
[White "Dylag, Emilia"]
[Black "Sabuk, Piotr"]
[Result "0-1"]
[BlackTitle "IM"]
[WhiteElo "1899"]
[BlackElo "2382"]
[WhiteFideId "21805172"]
[BlackFideId "1137565"]
[EventDate "2017.12.16"]

1. d4 d6 2. c4 e5 3. d5 f5 4. Nc3 Nf6 5. Qc2 g6 6. Nf3 Bg7 7. e4 O-O 8. Bg5 Na6
9. Bd3 h6 10. Bd2 Nb4 11. Qb1 Nxd3+ 12. Qxd3 fxe4 13. Nxe4 Bf5 14. Nxf6+ Qxf6
15. Qb3 Bg4 16. O-O-O e4 17. h3 Bxf3 18. gxf3 Qxf3 19. Be3 Kh7 20. Rdg1 c5 21.
h4 a6 22. Qd1 Qxd1+ 23. Rxd1 b5 24. cxb5 axb5 25. Kb1 b4 26. Rhg1 Rae8 27. Rg4
Re5 28. Rdg1 Rf6 29. Kc2 h5 30. Rg5 Rxg5 31. Rxg5 Bh6 32. Rg3 Bxe3 33. Rxe3
Rxf2+ 34. Kc1 Rf4 35. a4 Rxh4 36. a5 Rh1+ 37. Kc2 Ra1 38. Rxe4 Rxa5 39. Re6 Ra6
40. Kd3 Kh6 41. Ke4 Kg5 42. Kf3 Kf5 43. Re8 Ra2 44. Re6 Rxb2 45. Rxd6 Rd2 46.
Ke3 Rd4 47. Rd8 Ke5 48. Rg8 Kxd5 49. Rxg6 Kc4 50. Ke2 h4 51. Rh6 Kc3 0-1

[Event "European Rapid 2017"]
[Site "Katowice POL"]
[Date "2017.12.16"]
[Round "1.99"]
[White "Pultinevicius, Paulius"]
[Black "Nowacki, Adam"]
[Result "1-0"]
[WhiteTitle "IM"]
[WhiteElo "2371"]
[BlackElo "1610"]
[WhiteFideId "12809390"]
[BlackFideId "21805105"]
[EventDate "2017.12.16"]

1. e4 c6 2. d4 d5 3. e5 Bf5 4. Nd2 e6 5. Ngf3 Nd7 6. Nb3 Ne7 7. Be3 Nc8 8. Be2
Be7 9. O-O O-O 10. Nfd2 a6 11. a4 Na7 12. c4 dxc4 13. Nxc4 Nb8 14. Nc5 b5 15.
axb5 axb5 16. Nd6 Bxd6 17. Nb7 Qc7 18. Nxd6 Nd7 19. Rc1 Nb6 20. Nxb5 Nxb5 21.
Bxb5 Be4 22. Qg4 Bd5 23. Bh6 f5 24. exf6 Rxf6 25. Bg5 Rg6 26. Bd3 Rxg5 27. Qxg5
Nc8 28. Bxh7+ Kxh7 29. Qh5+ Kg8 30. Qe8+ Kh7 31. Rc3 g6 32. Rh3+ 1-0

[Event "European Rapid 2017"]
[Site "Katowice POL"]
[Date "2017.12.16"]
[Round "1.100"]
[White "Bartoszewski-Reiski, Olaf"]
[Black "Sieciechowicz, Marcin"]
[Result "0-1"]
[BlackTitle "IM"]
[WhiteElo "1839"]
[BlackElo "2387"]
[WhiteFideId "21819351"]
[BlackFideId "1130170"]
[EventDate "2017.12.16"]

1. e4 c5 2. Nf3 d6 3. d4 cxd4 4. Nxd4 Nf6 5. Nc3 a6 6. Bg5 e6 7. f4 h6 8. Bh4
Be7 9. Nf3 b5 10. Bd3 Bb7 11. a3 Nxe4 12. Bxe4 Bxh4+ 13. Nxh4 Qxh4+ 14. g3 Qe7
15. Qd4 O-O 16. O-O-O Bxe4 17. Nxe4 d5 18. Nc5 Nc6 19. Qf2 b4 20. a4 Rfc8 21.
Rhe1 Nd4 22. Qxd4 Qxc5 23. Qxc5 Rxc5 24. b3 Rac8 25. Re2 Kf8 26. Kb1 Ke7 27. f5
Kd6 28. fxe6 fxe6 29. Rde1 Re8 30. Rf1 Rc7 31. Rf4 a5 32. Rg4 Rf8 33. Kc1 e5 34.
Rd2 Ke6 35. Re2 g5 36. Rd4 Rf1+ 37. Kd2 e4 38. Rd3 Ke5 39. Rde3 g4 40. Re1 Rf3
41. R3e2 Rcf7 42. Kc1 Rf2 43. Re3 R7f3 44. R3e2 Rxe2 45. Rxe2 d4 46. Kd2 Rf1 47.
Rg2 e3+ 48. Ke2 Rc1 49. Kd3 Rd1+ 50. Ke2 Rd2+ 51. Kf1 Rxg2 52. Kxg2 0-1

[Event "European Rapid 2017"]
[Site "Katowice POL"]
[Date "2017.12.16"]
[Round "2.1"]
[White "Przybylski, Bartosz"]
[Black "Inarkiev, Ernesto"]
[Result "0-1"]
[BlackTitle "GM"]
[WhiteElo "2085"]
[BlackElo "2689"]
[WhiteFideId "1126652"]
[BlackFideId "4162722"]
[EventDate "2017.12.16"]

1. e4 c5 2. Nf3 e6 3. d4 cxd4 4. Nxd4 Nc6 5. Be3 Nf6 6. Bd3 d5 7. Nxc6 bxc6 8.
Nd2 e5 9. h3 Be7 10. O-O O-O 11. c3 Be6 12. f4 exf4 13. Rxf4 dxe4 14. Bxe4 Qc7
15. Rf1 Rad8 16. Bf3 Qe5 17. Qe1 Bd6 18. g3 Bxh3 19. Bg2 Ng4 20. Bd4 Qh5 21. Nf3
Rfe8 22. Qc1 Re2 23. Bf2 Bxg3 24. Qg5 Qxg5 25. Nxg5 Bxf2+ 26. Rxf2 Nxf2 27. Bf3
Rxb2 28. Bxc6 h6 29. Nf3 Rd6 30. Ba4 Rg6+ 31. Kh2 Rg2# 0-1

[Event "European Rapid 2017"]
[Site "Katowice POL"]
[Date "2017.12.16"]
[Round "2.2"]
[White "Navara, David"]
[Black "Olkhovskiy, Alexander"]
[Result "1-0"]
[WhiteTitle "GM"]
[WhiteElo "2740"]
[BlackElo "2145"]
[WhiteFideId "309095"]
[BlackFideId "34188611"]
[EventDate "2017.12.16"]

1. d4 Nf6 2. c4 e6 3. Nc3 Bb4 4. e3 b6 5. Ne2 Ba6 6. a3 Bxc3+ 7. Nxc3 d5 8. Qf3
c6 9. b3 O-O 10. Bb2 Nbd7 11. cxd5 Bxf1 12. dxe6 Bd3 13. exd7 Qxd7 14. O-O-O Bf5
15. h3 Rfe8 16. g4 Be6 17. g5 Nd5 18. e4 Nxc3 19. Qxc3 a5 20. d5 1-0

[Event "European Rapid 2017"]
[Site "Katowice POL"]
[Date "2017.12.16"]
[Round "2.4"]
[White "Kovalenko, Igor"]
[Black "Valantiejus, Vaidotas"]
[Result "1-0"]
[WhiteTitle "GM"]
[WhiteElo "2639"]
[BlackElo "2159"]
[WhiteFideId "14117908"]
[BlackFideId "12807370"]
[EventDate "2017.12.16"]

1. e4 c5 2. Nf3 d6 3. d4 cxd4 4. Nxd4 Nf6 5. Nc3 a6 6. Be3 e6 7. Be2 Qc7 8. g4
b5 9. g5 Nfd7 10. a3 Bb7 11. f4 Nb6 12. Qd2 Nc4 13. Bxc4 Qxc4 14. f5 e5 15. Nb3
Nd7 16. Na5 Qc8 17. Nxb7 Qxb7 18. Nd5 Rc8 19. h4 Nc5 20. Bxc5 Rxc5 21. O-O-O Rc6
22. h5 Be7 23. f6 gxf6 24. gxf6 Bf8 25. Rhg1 Rc4 26. Rg4 Rd4 27. Qe3 Rxd1+ 28.
Kxd1 a5 29. h6 b4 30. axb4 axb4 31. Rg7 Qc8 32. Qb3 1-0

[Event "European Rapid 2017"]
[Site "Katowice POL"]
[Date "2017.12.16"]
[Round "2.6"]
[White "McShane, Luke J"]
[Black "Korbal, Arkadiusz"]
[Result "1-0"]
[WhiteTitle "GM"]
[WhiteElo "2640"]
[BlackElo "2181"]
[WhiteFideId "404853"]
[BlackFideId "1133837"]
[EventDate "2017.12.16"]

1. e4 e5 2. Nf3 Nc6 3. Bb5 a6 4. Ba4 Nf6 5. O-O Be7 6. Re1 b5 7. Bb3 O-O 8. d3
d6 9. c3 Na5 10. Bc2 c5 11. Nbd2 Re8 12. Nf1 Bf8 13. Bg5 h6 14. Bh4 g5 15. Bg3
Be6 16. d4 cxd4 17. cxd4 exd4 18. Nxd4 Nc4 19. b3 Ne5 20. Ne3 Rc8 21. a4 b4 22.
h4 Rc3 23. hxg5 hxg5 24. Qe2 Qb6 25. Rad1 Rec8 26. Nxe6 fxe6 27. Rd2 Qc6 28.
Bxe5 dxe5 29. Nc4 Qc7 30. Rd3 Rxd3 31. Bxd3 Bc5 32. Ne3 a5 33. g3 Kg7 34. Kg2
Qa7 35. Ng4 Rf8 36. Qd2 Nxg4 37. Qxg5+ Kf7 38. Qxg4 Bxf2 39. Rh1 1-0

[Event "European Rapid 2017"]
[Site "Katowice POL"]
[Date "2017.12.16"]
[Round "2.7"]
[White "Dzierzak, Radoslaw"]
[Black "Fedorchuk, Sergey A."]
[Result "0-1"]
[BlackTitle "GM"]
[WhiteElo "2237"]
[BlackElo "2648"]
[WhiteFideId "1161407"]
[BlackFideId "14102536"]
[EventDate "2017.12.16"]

1. e4 c5 2. Nf3 e6 3. d4 cxd4 4. Nxd4 a6 5. Nc3 Qc7 6. Be2 Nf6 7. O-O Be7 8. Be3
d6 9. f4 O-O 10. a4 b6 11. Bf3 Bb7 12. g4 Nc6 13. g5 Nd7 14. Nb3 Rfe8 15. Qe2
Bf8 16. h4 Rab8 17. h5 Na5 18. Nxa5 bxa5 19. Qg2 Ba8 20. Rab1 Nb6 21. g6 Nc4 22.
Bc1 Qc5+ 23. Kh1 Ne3 24. gxf7+ Kxf7 25. Bxe3 Qxe3 26. Rbe1 Qc5 27. h6 Rxb2 28.
hxg7 Bxg7 29. Nd5 exd5 30. Bh5+ Kf8 31. Bxe8 dxe4 32. Bd7 Qxc2 33. Qxc2 Rxc2 34.
Bg4 Bc3 35. Re2 e3+ 36. Kh2 Bd2 37. Bf3 Bxf3 38. Rxf3 Rc4 39. Kg3 Rxa4 40. Kg4
Re4 41. Kf5 Re7 42. Rf1 d5 43. Rb1 Ke8 44. Rb8+ Kd7 45. Kf6 Bc3+ 46. Kf5 Kc7 47.
Ra8 Kb7 48. Rd8 d4 49. Kg5 Kc7 50. Rd5 Kc6 51. Rd8 Kc5 52. f5 Kc4 53. f6 Rc7 54.
Kf4 a4 55. Kf3 a3 56. Re8 Rf7 57. Re6 a5 58. Rc6+ Kd5 59. Rb6 Ke5 60. Rh2 Rxf6+
61. Rxf6 Kxf6 62. Ke4 h5 63. Rg2 h4 64. Rh2 h3 65. Rc2 Kg5 66. Kf3 Kf5 67. Rh2
Ke5 68. Rc2 Kd5 69. Rh2 Kc4 70. Ke4 Kb3 0-1

[Event "European Rapid 2017"]
[Site "Katowice POL"]
[Date "2017.12.16"]
[Round "2.8"]
[White "Wojtaszek, Radoslaw"]
[Black "Fedotov, Konstantin"]
[Result "1-0"]
[WhiteTitle "GM"]
[WhiteElo "2736"]
[BlackElo "2017"]
[WhiteFideId "1118358"]
[BlackFideId "4145895"]
[EventDate "2017.12.16"]

1. Nf3 c5 2. c4 Nf6 3. Nc3 g6 4. d4 cxd4 5. Nxd4 Bg7 6. e4 Nc6 7. Be3 O-O 8. Be2
d6 9. O-O h5 10. f3 Kh7 11. Qd2 Bd7 12. Rad1 Rc8 13. Nc2 Ne5 14. b3 a6 15. h3
Bc6 16. Nd4 Ned7 17. Nd5 Bxd5 18. exd5 Nc5 19. Rde1 h4 20. Rc1 Nh5 21. Rfd1 Ng3
22. Bf1 Bf6 23. b4 Nd7 24. Ne2 Nf5 25. Bf2 Ne5 26. c5 Bg7 27. Rc2 Bh6 28. f4 a5
29. Nd4 Nxd4 30. Qxd4 Nd7 31. a3 axb4 32. axb4 dxc5 33. bxc5 Qc7 34. Rc4 Rfd8
35. d6 exd6 36. cxd6 Qa5 37. Bxh4 Bg7 38. Qd2 Qb6+ 39. Bf2 Qb3 40. Rdc1 Ra8 41.
f5 Ne5 42. fxg6+ fxg6 43. Qd5 Nxc4 44. Rxc4 Ra3 45. Rh4+ Bh6 46. Qg5 Rxd6 47.
Qxh6+ Kg8 48. Bc4+ 1-0

[Event "European Rapid 2017"]
[Site "Katowice POL"]
[Date "2017.12.16"]
[Round "2.9"]
[White "Snihur, Piotr"]
[Black "Alekseev, Evgeny"]
[Result "0-1"]
[BlackTitle "GM"]
[WhiteElo "2233"]
[BlackElo "2616"]
[WhiteFideId "1157191"]
[BlackFideId "4138147"]
[EventDate "2017.12.16"]

1. d4 Nf6 2. c4 e6 3. Nf3 d5 4. g3 Bb4+ 5. Bd2 Bd6 6. Qc2 O-O 7. Bg2 c6 8. O-O
Nbd7 9. Bf4 Bxf4 10. gxf4 b6 11. Ne5 Bb7 12. Nc3 Rc8 13. Rfd1 Ne8 14. cxd5 exd5
15. Rd3 Nd6 16. Bh3 f5 17. Rg3 Kh8 18. e3 Qe7 19. Rd1 Qe6 20. Rg5 c5 21. Nxd7
Qxd7 22. Bg2 Ne4 23. Bxe4 fxe4 24. dxc5 h6 25. Rg3 bxc5 26. Qxe4 Rcd8 27. Qg6 d4
28. Ne4 Qe7 29. f3 dxe3 30. Re1 Rxf4 31. Rxe3 Rf6 32. Qg4 Re6 33. Qf5 Rf8 34.
Qg4 c4 35. Rg2 Re5 36. Rge2 Qd8 37. Kf2 Qb6 38. Ke1 Ref5 39. Kf2 Rf4 40. Qd7
Bxe4 41. Ke1 Bxf3 42. Re6 Qg1+ 43. Kd2 Rd4+ 0-1

[Event "European Rapid 2017"]
[Site "Katowice POL"]
[Date "2017.12.16"]
[Round "2.11"]
[White "Martinkus, Rolandas"]
[Black "Ponkratov, Pavel"]
[Result "0-1"]
[WhiteTitle "FM"]
[BlackTitle "GM"]
[WhiteElo "2127"]
[BlackElo "2613"]
[WhiteFideId "12800481"]
[BlackFideId "4157800"]
[EventDate "2017.12.16"]

1. c4 Nf6 2. Nc3 e5 3. Nf3 Nc6 4. e3 Be7 5. d4 exd4 6. Nxd4 O-O 7. Nxc6 bxc6 8.
Bd3 d5 9. O-O Bd6 10. h3 Qe7 11. Qf3 Qe5 12. Rd1 Qh2+ 13. Kf1 Bb7 14. b3 Rfe8
15. Bb2 Rab8 16. Ne2 d4 17. c5 Bxc5 18. exd4 Bd6 19. d5 Qh1+ 20. Ng1 Bh2 0-1

[Event "European Rapid 2017"]
[Site "Katowice POL"]
[Date "2017.12.16"]
[Round "2.12"]
[White "Bartel, Mateusz"]
[Black "Walter, Szymon"]
[Result "1-0"]
[WhiteTitle "GM"]
[WhiteElo "2609"]
[BlackElo "2246"]
[WhiteFideId "1112635"]
[BlackFideId "1172590"]
[EventDate "2017.12.16"]

1. e4 c5 2. Nf3 d6 3. d4 cxd4 4. Nxd4 Nf6 5. Nc3 g6 6. g3 Nc6 7. Nde2 Bg7 8. Bg2
O-O 9. O-O Bd7 10. h3 Rc8 11. Nd5 b5 12. c3 Ne5 13. Nd4 a5 14. a3 e6 15. Nxf6+
Bxf6 16. Bh6 Re8 17. Nc2 Qc7 18. Rb1 Red8 19. Qd2 Nc4 20. Qf4 Be7 21. Rfd1 Qc5
22. h4 Be8 23. Bg5 Rd7 24. Kh2 Rcd8 25. Bf1 d5 26. Bxe7 Rxe7 27. Bg2 Bc6 28. e5
Red7 29. Nd4 Bb7 30. h5 Qe7 31. Re1 b4 32. axb4 axb4 33. h6 g5 34. Qg4 Kh8 35.
cxb4 Rg8 36. b3 Nb6 37. Nb5 Qf8 38. Qd4 Qxh6+ 39. Kg1 Nc8 40. Rbc1 Ba6 41. Nc7
Bb7 42. b5 Ne7 43. b6 Nf5 44. Qa4 Rdd8 45. Nb5 Nh4 46. Rc7 Nxg2 47. Kxg2 g4 48.
Rh1 Qg6 49. Qf4 Rb8 50. Nd6 1-0

[Event "European Rapid 2017"]
[Site "Katowice POL"]
[Date "2017.12.16"]
[Round "2.13"]
[White "Pereira, Antonio Pedro Caramez"]
[Black "Fridman, Daniel"]
[Result "0-1"]
[BlackTitle "GM"]
[WhiteElo "2113"]
[BlackElo "2633"]
[WhiteFideId "1904485"]
[BlackFideId "11600454"]
[EventDate "2017.12.16"]

1. Nf3 d5 2. d4 Nf6 3. c4 e6 4. cxd5 exd5 5. Nc3 c6 6. Bg5 h6 7. Bh4 Bf5 8. e3
Qb6 9. Qb3 g5 10. Bg3 Na6 11. Qxb6 axb6 12. Be5 Be7 13. Kd2 O-O 14. Bxf6 Bxf6
15. Bd3 Be6 16. h4 g4 17. Ng1 b5 18. Nge2 b4 19. Nd1 b6 20. f4 gxf3 21. gxf3 c5
22. Rc1 Rfc8 23. Nf2 Nb8 24. Bb1 Nd7 25. f4 cxd4 26. f5 dxe3+ 27. Kxe3 d4+ 28.
Nxd4 Bd5 29. Be4 Rxc1 30. Rxc1 Re8 31. Kf3 Bxe4+ 32. Nxe4 Bxd4 0-1

[Event "European Rapid 2017"]
[Site "Katowice POL"]
[Date "2017.12.16"]
[Round "2.14"]
[White "Georgiev, Kiril"]
[Black "Godzwon, Iwo"]
[Result "1-0"]
[WhiteTitle "GM"]
[WhiteElo "2623"]
[BlackElo "2240"]
[WhiteFideId "2900017"]
[BlackFideId "21802483"]
[EventDate "2017.12.16"]

1. d4 Nf6 2. Nf3 g6 3. c3 Bg7 4. Bg5 d5 5. Nbd2 O-O 6. e3 c6 7. b4 Bf5 8. Be2
Nbd7 9. O-O Re8 10. Nh4 h6 11. Bxf6 Nxf6 12. Nxf5 gxf5 13. c4 dxc4 14. Bxc4 Nd5
15. Qb3 e6 16. Rac1 Rc8 17. a4 a5 18. b5 Nb4 19. Nf3 Qd6 20. bxc6 bxc6 21. Rfd1
Rb8 22. g3 Rec8 23. Kg2 Bf6 24. Be2 Qd5 25. Qc4 Na2 26. Rc2 Nb4 27. Rc3 Na2 28.
Ra3 Rb2 29. Qa6 Qd8 30. Kf1 Be7 31. Rxa2 Rxa2 32. Ne5 Ra8 33. Qd3 Rxa4 34. Nxc6
Qd7 35. Bf3 Rf8 36. d5 Bf6 37. Qc2 Ra1 38. Rxa1 Bxa1 39. Qa4 Bc3 40. Qc4 Bf6 41.
Nxa5 Rd8 42. dxe6 Qxe6 43. Qe2 Rc8 44. Kg2 Qb6 45. Nc4 Qa6 46. Bd5 Qb5 47. Bxf7+
Kg7 48. Qh5 Qb7+ 49. Kh3 Qxf7 50. Qxf7+ Kxf7 51. Nd6+ Ke6 52. Nxc8 Bd8 53. Na7
Kd5 54. Nb5 Bf6 55. Kg2 Be5 56. Kf3 Bb2 57. Kf4 Ke6 58. Nd4+ Kf6 59. Nxf5 1-0

[Event "European Rapid 2017"]
[Site "Katowice POL"]
[Date "2017.12.16"]
[Round "2.15"]
[White "Krejca, Jakub"]
[Black "Potkin, Vladimir"]
[Result "0-1"]
[BlackTitle "GM"]
[WhiteElo "2104"]
[BlackElo "2574"]
[WhiteFideId "365777"]
[BlackFideId "4131061"]
[EventDate "2017.12.16"]

1. e4 c5 2. Nf3 e6 3. d4 cxd4 4. Nxd4 Nc6 5. Nxc6 bxc6 6. c4 Nf6 7. Bd3 e5 8.
O-O Bc5 9. Nc3 d6 10. Bg5 h6 11. Bd2 Bg4 12. Be2 Be6 13. Kh1 Bd4 14. Qc2 O-O 15.
f4 exf4 16. Bxf4 Be5 17. Rad1 Qe7 18. Bxe5 dxe5 19. Na4 Rad8 20. c5 Rxd1 21.
Rxd1 Rd8 22. h3 Rxd1+ 23. Bxd1 Qd7 24. Bf3 Bxh3 25. Qb3 Bg4 26. Bxg4 Qxg4 27.
Qb8+ Kh7 28. Qxa7 Qh4+ 29. Kg1 Qe1+ 30. Kh2 Qxe4 31. Nc3 Qf4+ 32. Kh3 Qf5+ 33.
Kg3 h5 34. Qa4 e4 35. Qxc6 h4+ 36. Kh2 Ng4+ 0-1

[Event "European Rapid 2017"]
[Site "Katowice POL"]
[Date "2017.12.16"]
[Round "2.16"]
[White "Rodshtein, Maxim"]
[Black "Antolak, Julia"]
[Result "1-0"]
[WhiteTitle "GM"]
[BlackTitle "WFM"]
[WhiteElo "2699"]
[BlackElo "2168"]
[WhiteFideId "2806851"]
[BlackFideId "1159569"]
[EventDate "2017.12.16"]

1. d4 Nf6 2. c4 e6 3. Nc3 Bb4 4. Nf3 O-O 5. e3 d5 6. Bd3 c5 7. cxd5 Nxd5 8. O-O
cxd4 9. exd4 g6 10. Bh6 Re8 11. Rc1 Bf8 12. Qd2 Nc6 13. Rfe1 Ndb4 14. Be4 Nxd4
15. Nxd4 Bxh6 16. Qxh6 Qxd4 17. Nb5 Qb6 18. Nc7 Bd7 19. Rc3 f5 20. Nxa8 Rxa8 21.
Rh3 1-0